KOHA-Header-6

Cambridge IELTS (Record no. 2002)

000 -LEADER
fixed length control field 00303nam a2200121Ia 4500
008 - FIXED-LENGTH DATA ELEMENTS--GENERAL INFORMATION
fixed length control field 190723s9999 xx 000 0 und d
100 ## - MAIN ENTRY--PERSONAL NAME
Personal name Cambridge University Press
245 #0 - TITLE STATEMENT
Title Cambridge IELTS
250 ## - EDITION STATEMENT
Edition statement 05 V
260 ## - PUBLICATION, DISTRIBUTION, ETC. (IMPRINT)
Place of publication, distribution, etc Cambridge
Name of publisher, distributor, etc Cambridge university Press
Date of publication, distribution, etc 2010
300 ## - PHYSICAL DESCRIPTION
Extent 176:p
942 ## - ADDED ENTRY ELEMENTS (KOHA)
Koha item type Books
Holdings
Withdrawn status Lost status Source of classification or shelving scheme Damaged status Not for loan Collection code Permanent Location Current Location Shelving location Date acquired Full call number Barcode Date last seen Price effective from Koha item type
        Not For Loan Reference MAJU MAJU Shelf No.A39 REF 2019-07-23 428 8625 2019-07-23 2019-07-23 Books

Powered by Koha